| 000 | 00874cam a22002531i 4500 | ||
|---|---|---|---|
| 003 | SA-RiAUC | ||
| 005 | 20241016061725.0 | ||
| 008 | 241014s1981 sj f b 00000 ara c | ||
| 040 |
_aSD-KhNU _bara _cSA-RiAUC _erda |
||
| 050 | 4 | _b.T66 1981 | |
| 082 | 0 | 4 | _a371.12 |
| 090 |
_a371.12 _bت و م |
||
| 100 | 1 |
_aالتوم، بشير محمد عثمان حاج _eمؤلف. |
|
| 245 | 1 | 0 |
_aتأصيل تربية المعلم / _cبشير حاج التوم. |
| 264 | 1 |
_aالخرطوم : _bبشير حاج التوم، _c1981 |
|
| 300 | _a50 صفحة | ||
| 336 |
_aنص _btxt _2rdacontent _3كتاب |
||
| 337 |
_aبدون وسيط _bn _2rdamedia |
||
| 338 |
_aمجلد _bnc _2rdacarrier |
||
| 504 | _aيشتمل على ببليوجرافية. | ||
| 650 | 7 |
_aالمدرسون _xتدريب _2aucsh |
|
| 942 |
_2ddc _cBOOK _n0 |
||
| 949 |
_aSA-JeALM _d241014 _umohamedma123 _n1 |
||
| 999 |
_c1376 _d1376 |
||